[Event "BCF-chTa 1920 (4NCL)"]
[Site "Daventry"]
[Date "2020.01.12"]
[Round "4.37"]
[White "Stewart, Ashley"]
[Black "Jarvinen, Rauno"]
[Result "0-1"]
[WhiteElo "2152"]
[BlackElo "2197"]
[PlyCount "102"]
[EventDate "2019.11.09"]
[EventType "team-tourn"]
[EventRounds "11"]
[EventCountry "ENG"]
[SourceTitle "CBM 194 Extra"]
[Source "ChessBase"]
[SourceDate "2020.03.31"]
[SourceVersion "1"]
[SourceVersionDate "2020.03.31"]
[SourceQuality "1"]
[WhiteTeam "Cambridge University"]
[BlackTeam "Celtic Tigers"]
[WhiteTeamCountry "ENG"]
[BlackTeamCountry "ENG"]

1. c4 c5 2. g3 g6 3. Bg2 Bg7 4. Nc3 Nc6 5. a3 b6 6. Rb1 Bb7 7. b4 cxb4 8. axb4 d6 9. Bb2 Qd7 10. Qa4 e6 11. Nf3 Nge7 12. 0-0 0-0 13. e3 Rfc8 14. d3 a5 15. bxa5 bxa5 16. Ne4 Qc7 17. Bxg7 Kxg7 18. Qa1+ e5 19. Rxb7 Qxb7 20. Nxd6 Qc7 21. Nxc8 Rxc8 22. Rb1 f6 23. Rb5 Nb4 24. Ne1 Nec6 25. Qa4 Qd6 26. Rb6 Qc5 27. Rb5 Qd6 28. Qa3 Rd8 29. Bxc6 Nxc6 30. Rb7+ Kg8 31. Qxd6 Rxd6 32. Rb6 Kf8 33. d4 exd4 34. exd4 Ke7 35. c5 Re6 36. Nf3 Nb4 37. Rb7+ Kd8 38. Rb5 Ra6 39. Nd2 Nd5 40. c6 Nc7 41. Rc5 a4 42. Rc2 a3 43. Ra2 Nb5 44. d5 Nc3 45. c7+ Kc8 46. Ra1 a2 47. Nc4 Kxc7 48. Kf1 Ra4 49. d6+ Kd8 50. Ne3 Rb4 51. Nc2 Rb2 0-1

[Event "BCF-chT2 1718 (4NCL) Promotion pool"]
[Site "England"]
[Date "2018.05.06"]
[Round "10.35"]
[White "Jarvinen, Rauno"]
[Black "Gallagher, Daniel GH"]
[Result "0-1"]
[WhiteElo "2222"]
[BlackElo "2163"]
[PlyCount "96"]
[EventDate "2017.11.11"]
[EventType "team-tourn"]
[EventRounds "11"]
[EventCountry "ENG"]
[SourceTitle "EXT 2020"]
[Source "ChessBase"]
[SourceDate "2019.10.17"]
[SourceVersion "1"]
[SourceVersionDate "2019.10.17"]
[SourceQuality "1"]
[WhiteTeam "Celtic Tigers"]
[BlackTeam "Anglian Avengers"]
[WhiteTeamCountry "ENG"]
[BlackTeamCountry "ENG"]

1. c4 Nf6 2. g3 g6 3. Bg2 Bg7 4. Nc3 d6 5. e3 0-0 6. Nge2 e5 7. 0-0 Re8 8. d3 c6 9. e4 Be6 10. f4 Qb6+ 11. Kh1 Ng4 12. f5 Bd7 13. Qe1 Ne3 14. Na4 Nxg2 15. Kxg2 Qd8 16. g4 d5 17. Rf3 b5 18. Nc5 bxc4 19. dxc4 Bf8 20. b4 a5 21. Rh3 axb4 22. Nb7 Qf6 23. c5 Na6 24. Be3 d4 25. Bd2 Nxc5 26. Nxc5 Bxc5 27. Qc1 Be7 28. g5 Qd6 29. Qe1 Ra3 30. Rh6 Bf8 31. Qh4 Bxh6 32. gxh6 b3 33. Rf1 bxa2 34. Ra1 c5 35. Ng3 Rxg3+ 36. Qxg3 Qc6 37. Qh4 Bxf5 38. Rxa2 Qxe4+ 39. Qxe4 Bxe4+ 40. Kf2 Ra8 41. Rb2 c4 42. Bg5 f5 43. Rb5 c3 44. Rxe5 d3 45. Re7 Ra2+ 46. Kg3 d2 47. Rd7 Bc6 48. Rg7+ Kf8 0-1

[Event "Oberliga Nord O 1213"]
[Site "Germany"]
[Date "2013.01.13"]
[Round "5.7"]
[White "Rutschke, Bernhard"]
[Black "Jarvinen, Rauno"]
[Result "1/2-1/2"]
[WhiteElo "2067"]
[BlackElo "2214"]
[PlyCount "118"]
[EventDate "2012.10.17"]
[EventType "team-tourn"]
[EventRounds "9"]
[EventCountry "GER"]
[SourceTitle "EXT 2015"]
[Source "ChessBase"]
[SourceDate "2014.11.20"]
[SourceVersion "1"]
[SourceVersionDate "2014.11.20"]
[SourceQuality "1"]
[WhiteTeam "Ruedersdorf"]
[BlackTeam "Berlin SF"]
[WhiteTeamCountry "GER"]
[BlackTeamCountry "GER"]

1. e4 c6 2. d3 d5 3. Nd2 e5 4. Ngf3 Bd6 5. g3 Be6 6. Bg2 Qd7 7. 0-0 Ne7 8. Re1 f6 9. d4 exd4 10. Nxd4 Bf7 11. exd5 cxd5 12. Qe2 0-0 13. Nb5 Nbc6 14. Nxd6 Qxd6 15. Nb3 Ng6 16. Be3 Rfe8 17. Qd2 Nce5 18. Rad1 Red8 19. Na5 Qa6 20. f4 Nc6 21. Nb3 b6 22. a3 Rac8 23. Nd4 Na5 24. b3 Rc7 25. h4 Qc8 26. Kh2 Nc6 27. Bh3 Nxd4 28. Bxd4 Qa6 29. a4 Ne7 30. Re3 Bg6 31. c3 Nf5 32. Bxf5 Bxf5 33. Rde1 Qc8 34. Ra1 Be4 35. a5 b5 36. b4 Qd7 37. Qe2 Re8 38. Re1 a6 39. Qf2 Rc6 40. Qe2 Qf5 41. Rf1 h5 42. Rf2 Rce6 43. Rf1 Bc2 44. Rff3 Be4 45. Rf1 Kf7 46. Qf2 Rc8 47. Qe2 Rc4 48. Rd1 Rc8 49. Rf1 Rce8 50. Qf2 Bb1 51. Rfe1 Rxe3 52. Rxe3 Rxe3 53. Qxe3 Qc2+ 54. Qf2 Qd1 55. Qg1 Qe2+ 56. Qf2 Qg4 57. Bc5 Be4 58. Qf1 Ke6 59. Qh3 Kf5 1/2-1/2

[Event "FIN-chT 1213"]
[Site "Finland"]
[Date "2012.09.29"]
[Round "2.5"]
[White "Jarvinen, Rauno"]
[Black "Laihonen, Petteri"]
[Result "1/2-1/2"]
[WhiteElo "2214"]
[BlackElo "2255"]
[PlyCount "102"]
[EventDate "2012.09.28"]
[EventType "team-tourn"]
[EventRounds "11"]
[EventCountry "FIN"]
[SourceTitle "CBM 150 Extra"]
[Source "ChessBase"]
[SourceDate "2012.10.19"]
[SourceVersion "1"]
[SourceVersionDate "2012.10.19"]
[SourceQuality "1"]
[WhiteTeam "Sastamala VammSK"]
[BlackTeam "Jyvaskyla JyS"]
[WhiteTeamCountry "FIN"]
[BlackTeamCountry "FIN"]

1. c4 b6 2. Nf3 c5 3. d4 cxd4 4. Nxd4 Bb7 5. Nc3 Nf6 6. Bg5 Ne4 7. Nxe4 Bxe4 8. e3 Nc6 9. Nb5 f6 10. Nc3 Bg6 11. Bh4 e6 12. Be2 Bb4 13. Qb3 Qe7 14. a3 Bd6 15. 0-0 Rc8 16. Rfd1 0-0 17. Rd2 Rfd8 18. Rad1 Be5 19. Nb5 Be8 20. Bg3 Bxg3 21. hxg3 Rb8 22. Nd6 Bg6 23. Qa4 a5 24. Bf3 Ne5 25. Bb7 Rf8 26. Qb5 Qd8 27. b4 axb4 28. Qxb4 Qc7 29. Bf3 Nxf3+ 30. gxf3 Qc6 31. e4 f5 32. exf5 exf5 33. Rd5 f4 34. g4 h6 35. Qc3 Rf6 36. Nb5 Bf7 37. Na7 Qa4 38. Rxd7 Qxc4 39. Qxc4 Bxc4 40. Rc7 Rf7 41. Rxc4 Rxa7 42. a4 Rba8 43. Rdd4 Ra5 44. Rb4 g5 45. Kf1 R8a7 46. Ke2 Re7+ 47. Kd3 Re6 48. Rbc4 Kf7 49. Re4 Rd6+ 50. Kc3 Rad5 51. Rcd4 Rc5+ 1/2-1/2

[Event "World University-ch 12th"]
[Site "Guimaraes"]
[Date "2012.08.24"]
[Round "8"]
[White "Jarvinen, Rauno"]
[Black "Terao, Rodrigo Akira"]
[Result "0-1"]
[WhiteElo "2203"]
[BlackElo "2383"]
[PlyCount "92"]
[EventDate "2012.08.20"]
[EventType "swiss"]
[EventRounds "9"]
[EventCountry "POR"]
[SourceTitle "CBM 150 Extra"]
[Source "ChessBase"]
[SourceDate "2012.10.19"]
[SourceVersion "1"]
[SourceVersionDate "2012.10.19"]
[SourceQuality "1"]

1. c4 Nf6 2. g3 g6 3. Bg2 d5 4. cxd5 Nxd5 5. Nc3 Nb6 6. d3 Bg7 7. Be3 Nc6 8. Nf3 0-0 9. Qd2 e5 10. Bh6 Bxh6 11. Qxh6 f6 12. Nh4 Rf7 13. Bxc6 bxc6 14. 0-0 g5 15. Ng2 Nd5 16. h4 Rg7 17. hxg5 Nxc3 18. bxc3 Rxg5 19. Rab1 c5 20. Ne3 Be6 21. Kg2 Bxa2 22. Rb5 Bd5+ 23. f3 Bf7 24. Rh1 Bg6 25. Rxc5 e4 26. Rc6 exf3+ 27. Kxf3 Qe7 28. Re1 Re8 29. Ng2 Be4+ 30. dxe4 Qxe4+ 31. Kf2 Qxc6 32. Qh4 Qxc3 33. e3 Qc2+ 34. Re2 Qe4 35. Nf4 a5 36. Qh6 Kf7 37. Qh3 a4 38. Qd7+ Re7 39. Qd2 Rc5 40. Qa2+ Qc4 41. Qb1 Qe4 42. Qa2+ Kg7 43. g4 Rc4 44. Qb2 Qe5 45. Nh5+ Kh6 46. Qb1 Rxg4 0-1

[Event "World University-ch 12th"]
[Site "Guimaraes"]
[Date "2012.08.22"]
[Round "6"]
[White "Jarvinen, Rauno"]
[Black "Ariunbuuvei, Badamdorj"]
[Result "1-0"]
[WhiteElo "2203"]
[BlackElo "1934"]
[PlyCount "103"]
[EventDate "2012.08.20"]
[EventType "swiss"]
[EventRounds "9"]
[EventCountry "POR"]
[SourceTitle "CBM 150 Extra"]
[Source "ChessBase"]
[SourceDate "2012.10.19"]
[SourceVersion "1"]
[SourceVersionDate "2012.10.19"]
[SourceQuality "1"]

1. c4 Nf6 2. g3 e6 3. Nf3 b6 4. Bg2 Bb7 5. 0-0 c5 6. d3 d5 7. Ne5 Nbd7 8. Qa4 Bd6 9. Bf4 Qc7 10. Nxd7 Nxd7 11. cxd5 exd5 12. Nc3 Bxf4 13. Nxd5 Bxd5 14. Bxd5 Rd8 15. Qxf4 Qxf4 16. gxf4 Ne5 17. Be4 Ng6 18. e3 Ke7 19. Rfc1 Rd6 20. a3 Nh4 21. Rc3 Rhd8 22. Rd1 f5 23. Bh1 a5 24. Kf1 Ng6 25. Ke2 Re6 26. Kd2 Nf8 27. Rg1 Kf7 28. h3 Rh6 29. Rg3 Rhd6 30. Bf3 Ne6 31. Be2 a4 32. Rg1 Ra8 33. Rb1 Ra7 34. Kc2 b5 35. b4 axb3+ 36. Rcxb3 Rda6 37. Rxb5 Rxa3 38. Rb7+ Kf6 39. R7b6 R7a6 40. Bf3 Ra2+ 41. R1b2 Rxb6 42. Rxa2 Rd6 43. Ra7 h6 44. h4 g5 45. fxg5+ hxg5 46. hxg5+ Kxg5 47. Kc3 Kf6 48. Bg2 f4 49. Ra5 fxe3 50. fxe3 Rd7 51. Ra6 Ke5 52. Rxe6+ 1-0

[Event "World University-ch 12th"]
[Site "Guimaraes"]
[Date "2012.08.22"]
[Round "5"]
[White "Zulkifli, Mat Arif"]
[Black "Jarvinen, Rauno"]
[Result "0-1"]
[WhiteElo "2046"]
[BlackElo "2203"]
[PlyCount "118"]
[EventDate "2012.08.20"]
[EventType "swiss"]
[EventRounds "9"]
[EventCountry "POR"]
[SourceTitle "CBM 150 Extra"]
[Source "ChessBase"]
[SourceDate "2012.10.19"]
[SourceVersion "1"]
[SourceVersionDate "2012.10.19"]
[SourceQuality "1"]

1. d4 Nf6 2. Nf3 b6 3. g3 Bb7 4. Bg2 e6 5. 0-0 Be7 6. c4 d5 7. Ne5 0-0 8. Nc3 Nbd7 9. Qa4 c5 10. e3 a6 11. Rd1 Qc7 12. Nxd7 Nxd7 13. cxd5 b5 14. Qc2 cxd4 15. dxe6 Bxg2 16. Kxg2 Nf6 17. exd4 b4 18. Bf4 Qb7+ 19. Kg1 bxc3 20. exf7+ Rxf7 21. bxc3 Nd5 22. Qe4 Rc8 23. Rac1 Ba3 24. Rc2 Nxf4 25. Qxb7 Rxb7 26. gxf4 Rbc7 27. Rd3 Bb4 28. d5 Bd6 29. Kg2 Rc4 30. Re2 Rxf4 31. Re6 Rd8 32. h3 a5 33. f3 Ra4 34. Re2 Kf7 35. Rb2 Rd7 36. Rc2 Rc7 37. Kf2 Rh4 38. Kg2 a4 39. Re2 Rhc4 40. Re4 a3 41. Re6 Rd7 42. Kf2 Rc5 43. Re4 Rb7 44. Ra4 Rb2+ 45. Ke3 Rxa2 46. c4 Rc7 47. Kd4 Rc2 48. Rb3 g5 49. Kd3 Rf2 50. Rb6 Bc5 51. Rba6 Rxf3+ 52. Ke4 Rf4+ 53. Kd3 Rf6 54. R6a5 h5 55. Ra8 Re7 56. Rc8 Re3+ 57. Kd2 Rf2+ 58. Kd1 Rxh3 59. Rc7+ Be7 0-1

[Event "World University-ch 12th"]
[Site "Guimaraes"]
[Date "2012.08.20"]
[Round "2"]
[White "Jarvinen, Rauno"]
[Black "Matinian, Nikita"]
[Result "1/2-1/2"]
[WhiteElo "2203"]
[BlackElo "2438"]
[PlyCount "67"]
[EventDate "2012.08.20"]
[EventType "swiss"]
[EventRounds "9"]
[EventCountry "POR"]
[SourceTitle "CBM 150 Extra"]
[Source "ChessBase"]
[SourceDate "2012.10.19"]
[SourceVersion "1"]
[SourceVersionDate "2012.10.19"]
[SourceQuality "1"]

1. c4 e5 2. g3 Nf6 3. Bg2 d5 4. cxd5 Nxd5 5. Nf3 Nc6 6. Nc3 Nb6 7. d3 Be7 8. 0-0 0-0 9. a4 a5 10. Be3 Be6 11. Bxb6 cxb6 12. Nb5 f5 13. Nd2 Rf6 14. Rc1 Rc8 15. Nc4 Rh6 16. e3 f4 17. exf4 exf4 18. d4 Nb4 19. Qe2 fxg3 20. hxg3 Bd5 21. Ne5 Bxg2 22. Kxg2 Qd5+ 23. Qf3 Rf8 24. Qxd5+ Nxd5 25. Rfe1 Rd8 26. Nc7 Rhd6 27. Nb5 Re6 28. f4 g6 29. Kf3 Bb4 30. Re2 Ree8 31. Rec2 Rf8 32. Ke4 Nf6+ 33. Kf3 Nd5 34. Ke4 1/2-1/2

[Event "Berlin Lichtenrade op 07th"]
[Site "Berlin"]
[Date "2011.10.14"]
[Round "7"]
[White "Wendt, Jan Dietrich"]
[Black "Jarvinen, Rauno"]
[Result "1/2-1/2"]
[WhiteElo "2373"]
[BlackElo "2149"]
[PlyCount "101"]
[EventDate "2011.10.08"]
[EventType "swiss"]
[EventRounds "9"]
[EventCountry "GER"]
[SourceTitle "CBM 144 Extra"]
[Source "ChessBase"]
[SourceDate "2011.10.28"]
[SourceVersion "1"]
[SourceVersionDate "2011.10.28"]
[SourceQuality "1"]

1. Nf3 c5 2. c4 g6 3. d4 cxd4 4. Nxd4 Nf6 5. Nc3 d5 6. Bg5 dxc4 7. e3 Bg7 8. Bxc4 0-0 9. 0-0 Nbd7 10. Rc1 Ne5 11. Bb3 Bd7 12. Qe2 Rc8 13. Rfd1 Qa5 14. Bxf6 exf6 15. Nd5 Rc5 16. Rxc5 Qxc5 17. h3 Bc6 18. Nxc6 Nxc6 19. a3 Rd8 20. Ba2 a5 21. Nf4 Qe7 22. Rxd8+ Qxd8 23. Qb5 Qc7 24. Bd5 f5 25. Nd3 Bf8 26. g3 Nd8 27. h4 Kg7 28. Kg2 Bd6 29. Qe8 h6 30. Qa4 Qb6 31. Qc4 Kf8 32. a4 Ke7 33. e4 fxe4 34. Qxe4+ Kf8 35. h5 gxh5 36. Qh4 Kg7 37. Qxh5 Qd4 38. Qf3 Qxa4 39. Bxb7 Ne6 40. Bd5 Ng5 41. Qe2 Qd7 42. Bf3 Qh3+ 43. Kg1 Qf5 44. Bg2 Ne6 45. Be4 Qg5 46. Bg2 Qf5 47. Qe3 Qg4 48. Bf3 Qf5 49. Qe4 Qxe4 50. Bxe4 Nc5 51. Nxc5 1/2-1/2

[Event "FIN-chT 1011"]
[Site "Finland"]
[Date "2011.03.12"]
[Round "8.8"]
[White "Anttila, Perttu"]
[Black "Jarvinen, Rauno"]
[Result "0-1"]
[WhiteElo "2085"]
[BlackElo "2121"]
[PlyCount "124"]
[EventDate "2010.09.18"]
[EventType "team-tourn"]
[EventRounds "9"]
[EventCountry "FIN"]
[SourceTitle "EXT 2012"]
[Source "ChessBase"]
[SourceDate "2011.11.24"]
[SourceVersion "1"]
[SourceVersionDate "2011.11.24"]
[SourceQuality "1"]
[WhiteTeam "Etela Vantaan"]
[BlackTeam "Vammala SK"]
[WhiteTeamCountry "FIN"]
[BlackTeamCountry "FIN"]

1. e4 d5 2. exd5 Nf6 3. Nc3 Nxd5 4. Bc4 Nb6 5. Bb3 Nc6 6. Nf3 Bf5 7. d4 e6 8. Be3 Be7 9. Ne5 Na5 10. Qh5 0-0 11. g4 Nxb3 12. cxb3 Bg6 13. Nxg6 hxg6 14. Qe5 Bf6 15. Qe4 Nd5 16. 0-0-0 c6 17. Rdg1 Qa5 18. Bd2 Nxc3 19. Bxc3 Qd5 20. Qxd5 exd5 21. g5 Bd8 22. Kd2 Re8 23. Rg4 Bc7 24. h4 Re6 25. Re1 Rxe1 26. Kxe1 Re8+ 27. Kd2 Bd6 28. Kd3 Kf8 29. Bd2 Re6 30. Rg1 Re4 31. Rh1 f6 32. f3 Re8 33. h5 gxh5 34. g6 Ke7 35. Rxh5 Ke6 36. Rh1 Kf5 37. Rg1 Bf4 38. Rg4 Bd6 39. b4 Rh8 40. a4 Rh3 41. Ke2 Ke6 42. b5 f5 43. Rg1 Bg3 44. bxc6 bxc6 45. Rc1 Rh2+ 46. Ke3 Rxd2 47. Rxc6+ Kd7 48. Ra6 Rxb2 49. Rxa7+ Bc7 50. Ra8 Rb8 51. Ra6 Rb6 52. Ra8 Rxg6 53. a5 Rg1 54. a6 Ra1 55. Kf2 Bb6 56. Kg3 g5 57. Rf8 f4+ 58. Kg4 Bxd4 59. Rf5 Ke6 60. Rxg5 Rg1+ 61. Kh5 Rxg5+ 62. Kxg5 Ke5 0-1

[Event "FIN-ch"]
[Site "Helsinki"]
[Date "2010.06.??"]
[Round "11"]
[White "Jarvinen, Rauno"]
[Black "Karttunen, Mika"]
[Result "0-1"]
[WhiteElo "2070"]
[BlackElo "2430"]
[PlyCount "100"]
[EventDate "2010.06.14"]
[EventType "tourn"]
[EventRounds "10"]
[EventCountry "FIN"]
[SourceTitle "EXT 2022"]
[Source "ChessBase"]
[SourceDate "2021.10.06"]
[SourceVersion "1"]
[SourceVersionDate "2021.10.06"]
[SourceQuality "1"]

1. Nc3 d5 2. e4 Nf6 3. e5 Ne4 4. Nce2 Nc5 5. d4 Nca6 6. Nf4 c5 7. e6 Bxe6 8. Nxe6 fxe6 9. Qh5+ Kd7 10. Nf3 Nc6 11. c3 cxd4 12. Bb5 Qb6 13. Bxc6+ bxc6 14. Ne5+ Kc8 15. cxd4 Kb7 16. 0-0 Qxd4 17. Be3 g6 18. Qg5 Qe4 19. Rfc1 Rc8 20. Rc3 Bg7 21. Rb3+ Ka8 22. Qxe7 Rc7 23. Nd7 d4 24. Bg5 Be5 25. Bf6 Bxf6 26. Qxf6 Rhc8 27. f3 Qd5 28. Ne5 c5 29. Ra3 Nb4 30. Rd1 c4 31. Qf4 d3 32. Rc3 Rc5 33. Ng4 Qb7 34. Qd4 Nc2 35. Qe4 Qxe4 36. fxe4 h5 37. Nf2 Nd4 38. Kf1 Ne2 39. Ra3 Rb5 40. b3 c3 41. Nxd3 c2 42. Kxe2 cxd1Q+ 43. Kxd1 Rg5 44. Nf4 Rd8+ 45. Kc1 Rc5+ 46. Kb1 Rd1+ 47. Kb2 Rd2+ 48. Kb1 e5 49. Nd5 Rxg2 50. b4 Rcc2 0-1

[Event "FIN-ch"]
[Site "Helsinki"]
[Date "2010.06.??"]
[Round "3"]
[White "Jarvinen, Rauno"]
[Black "Nokso Koivisto, Antti"]
[Result "1-0"]
[WhiteElo "2070"]
[BlackElo "2183"]
[PlyCount "135"]
[EventDate "2010.06.14"]
[EventType "tourn"]
[EventRounds "10"]
[EventCountry "FIN"]
[SourceTitle "EXT 2022"]
[Source "ChessBase"]
[SourceDate "2021.10.06"]
[SourceVersion "1"]
[SourceVersionDate "2021.10.06"]
[SourceQuality "1"]

1. Nc3 c5 2. e4 Nc6 3. f4 g6 4. Nf3 Bg7 5. Bc4 e6 6. f5 Nge7 7. fxe6 dxe6 8. d3 0-0 9. 0-0 Na5 10. Qe1 Nxc4 11. dxc4 Nc6 12. Bg5 f6 13. Rd1 Qe7 14. Bh4 g5 15. Bg3 Rd8 16. Nb5 e5 17. Nc3 Rxd1 18. Qxd1 Be6 19. Nd5 Qd8 20. c3 Ne7 21. Nd2 Nc8 22. Qf3 Bxd5 23. cxd5 Nd6 24. h4 h6 25. Bf2 b6 26. Be3 Qd7 27. Rf2 Rf8 28. g4 Qe8 29. Nf1 gxh4 30. Nd2 Qg6 31. Kf1 Qe8 32. b3 Qg6 33. Ke2 Rf7 34. Rh2 Bf8 35. Rxh4 Rh7 36. Kd3 Rf7 37. Nf1 Rc7 38. Nd2 b5 39. c4 a6 40. Qh1 Kh7 41. Nf1 bxc4+ 42. bxc4 Kg8 43. Qf3 Bg7 44. Nd2 Bf8 45. Rh1 Nf7 46. Rb1 Kg7 47. Rb6 a5 48. Nb3 a4 49. Na5 Ng5 50. Qf5 Qxf5 51. exf5 e4+ 52. Ke2 Nf7 53. Bf4 Rd7 54. Rb7 Rd8 55. Nc6 Re8 56. Bxh6+ Kxh6 57. Rxf7 Kg5 58. Rh7 Kxg4 59. Rh8 Kxf5 60. Rg8 a3 61. Kf2 Ra8 62. Ne7+ Bxe7 63. Rxa8 Bd6 64. Rxa3 Ke5 65. Ra6 f5 66. a4 f4 67. Rxd6 Kxd6 68. a5 1-0

[Event "FIN-ch"]
[Site "Helsinki"]
[Date "2010.06.??"]
[Round "9"]
[White "Jarvinen, Rauno"]
[Black "Pohjala, Henri"]
[Result "0-1"]
[WhiteElo "2070"]
[BlackElo "2153"]
[PlyCount "60"]
[EventDate "2010.06.14"]
[EventType "tourn"]
[EventRounds "10"]
[EventCountry "FIN"]
[SourceTitle "EXT 2022"]
[Source "ChessBase"]
[SourceDate "2021.10.06"]
[SourceVersion "1"]
[SourceVersionDate "2021.10.06"]
[SourceQuality "1"]

1. c4 c6 2. e4 d6 3. Nc3 g6 4. d4 Bg7 5. Be3 Qc7 6. Qd2 Nd7 7. g4 a6 8. a4 e5 9. h4 h5 10. g5 Ne7 11. f4 f6 12. Nf3 fxg5 13. fxe5 g4 14. Ng5 dxe5 15. Ne6 Qa5 16. b4 Qxb4 17. Nc7+ Kf7 18. Nxa8 exd4 19. Bxd4 Ne5 20. Qf4+ Nf5 21. Rb1 Qa5 22. Kf2 Nd3+ 23. Bxd3 Bxd4+ 24. Kg2 Qxc3 25. Rbd1 Be3 26. Qc7+ Kf6 27. Rhf1 Bd4 28. Qd6+ Kg7 29. exf5 Bxf5 30. Bxf5 Qh3# 0-1

[Event "FIN-ch"]
[Site "Helsinki"]
[Date "2010.06.??"]
[Round "1"]
[White "Norri, Joose"]
[Black "Jarvinen, Rauno"]
[Result "1/2-1/2"]
[WhiteElo "2336"]
[BlackElo "2070"]
[PlyCount "45"]
[EventDate "2010.06.14"]
[EventType "tourn"]
[EventRounds "10"]
[EventCountry "FIN"]
[SourceTitle "EXT 2022"]
[Source "ChessBase"]
[SourceDate "2021.10.06"]
[SourceVersion "1"]
[SourceVersionDate "2021.10.06"]
[SourceQuality "1"]

1. d4 Nf6 2. c4 e5 3. dxe5 Ng4 4. e3 Nxe5 5. Nh3 Bb4+ 6. Bd2 Qe7 7. Nf4 Na6 8. Nc3 c6 9. Be2 d6 10. 0-0 Be6 11. Nxe6 fxe6 12. Ne4 Bxd2 13. Qxd2 d5 14. Qc3 Nf7 15. Ng3 0-0 16. cxd5 cxd5 17. Rac1 Nb4 18. a3 Nc6 19. b4 a6 20. e4 d4 21. Qb3 Kh8 22. f4 e5 23. Nf5 1/2-1/2

[Event "FIN-ch"]
[Site "Helsinki"]
[Date "2010.06.??"]
[Round "4"]
[White "Sipila, Vilka"]
[Black "Jarvinen, Rauno"]
[Result "1-0"]
[WhiteElo "2106"]
[BlackElo "2070"]
[PlyCount "90"]
[EventDate "2010.06.14"]
[EventType "tourn"]
[EventRounds "10"]
[EventCountry "FIN"]
[SourceTitle "EXT 2022"]
[Source "ChessBase"]
[SourceDate "2021.10.06"]
[SourceVersion "1"]
[SourceVersionDate "2021.10.06"]
[SourceQuality "1"]

1. e4 e6 2. d4 d5 3. Bd3 c5 4. exd5 Qxd5 5. Nf3 cxd4 6. 0-0 Nc6 7. c3 Bd7 8. b4 Be7 9. Re1 Bf6 10. Bb2 Nge7 11. c4 Qd6 12. a3 0-0 13. Nbd2 e5 14. Ne4 Qe6 15. Nc5 Qd6 16. Qc2 Bg4 17. Nd2 Ng6 18. Nxb7 Qe7 19. Nc5 a5 20. Be4 Rac8 21. Bxc6 Rxc6 22. Bxd4 Rd8 23. Be3 Nh4 24. Qe4 Rxc5 25. Qxg4 Rc6 26. Ne4 h6 27. b5 Re6 28. c5 g5 29. g3 Ng6 30. c6 Bg7 31. Rec1 Rc8 32. Nc5 h5 33. Qf5 Rexc6 34. bxc6 Rxc6 35. Ne4 Rxc1+ 36. Rxc1 Qxa3 37. Nxg5 Qb3 38. Rc8+ Bf8 39. Bc5 Qd1+ 40. Kg2 Qd5+ 41. Kh3 Qc4 42. Kg2 Qd5+ 43. Qf3 Qd7 44. Qxh5 Qb7+ 45. f3 Kg7 1-0

[Event "FIN-chT 0910"]
[Site "Finland"]
[Date "2010.03.21"]
[Round "9.8"]
[White "Jarvinen, Rauno"]
[Black "Taipale, Reijo"]
[Result "1-0"]
[WhiteElo "2067"]
[BlackElo "1858"]
[PlyCount "99"]
[EventDate "2009.09.19"]
[EventType "team-tourn"]
[EventRounds "9"]
[EventCountry "FIN"]
[SourceTitle "EXT 2022"]
[Source "ChessBase"]
[SourceDate "2021.10.06"]
[SourceVersion "1"]
[SourceVersionDate "2021.10.06"]
[SourceQuality "1"]
[WhiteTeam "Sastamala VammSK"]
[BlackTeam "Salo SK"]
[WhiteTeamCountry "FIN"]
[BlackTeamCountry "FIN"]

1. Nc3 g6 2. d4 Bg7 3. e4 d6 4. f4 e6 5. Nf3 Ne7 6. Bd3 a6 7. 0-0 h6 8. Ne2 b5 9. Be3 Nd7 10. g4 Nb6 11. Ng3 Nc4 12. Bc1 e5 13. dxe5 dxe5 14. f5 Qd6 15. Qe2 Qc6 16. a4 Rb8 17. axb5 axb5 18. b3 Nd6 19. h4 Rg8 20. Nh2 gxf5 21. Nxf5 Nexf5 22. exf5 Bb7 23. Rf3 Qc5+ 24. Be3 Qc3 25. Bxb5+ Kf8 26. Rff1 Nxb5 27. f6 Bxf6 28. Bxh6+ Bg7 29. Qf2 Qd4 30. Be3 Qd5 31. Nf3 Qe6 32. Ng5 Qxg4+ 33. Kh2 f6 34. Rg1 Qd7 35. Rad1 Nd6 36. c4 Qf5 37. Qe2 Rh8 38. h5 Bh6 39. Rdf1 Qd7 40. Rxf6+ Ke8 41. Bc5 Bxg5 42. Rxg5 Bc6 43. Qxe5+ Kd8 44. Rxd6 cxd6 45. Qxh8+ Kc7 46. Qf6 dxc5 47. Rg7 Rxb3 48. Qe5+ Kc8 49. Rxd7 Kxd7 50. Qxc5 1-0

[Event "Espoo We MatSK op"]
[Site "Espoo"]
[Date "2010.02.26"]
[Round "1"]
[White "Jarvinen, Rauno"]
[Black "Auvinen, Esa"]
[Result "1-0"]
[WhiteElo "2077"]
[BlackElo "2008"]
[PlyCount "83"]
[EventDate "2010.02.26"]
[EventType "swiss"]
[EventRounds "5"]
[EventCountry "FIN"]
[SourceTitle "EXT 2012"]
[Source "ChessBase"]
[SourceDate "2011.11.24"]
[SourceVersion "1"]
[SourceVersionDate "2011.11.24"]
[SourceQuality "1"]

1. Nc3 e5 2. Nf3 Nc6 3. d4 exd4 4. Nxd4 Nxd4 5. Qxd4 Nf6 6. Bg5 Be7 7. e4 d6 8. 0-0-0 Be6 9. f3 0-0 10. g4 Nd7 11. Bxe7 Qxe7 12. h4 Qf6 13. Qe3 Ne5 14. Be2 Ng6 15. Kb1 Qf4 16. Qf2 Ne5 17. Rh2 a6 18. Rg2 b5 19. b3 b4 20. Na4 a5 21. Qg3 Ng6 22. Qe1 Ne5 23. Rf2 Rfb8 24. Qd2 Qg3 25. Rff1 Qxh4 26. g5 Ng6 27. f4 Bd7 28. Nb2 Bc6 29. Qe3 Re8 30. Rd4 Re7 31. Nc4 d5 32. f5 dxc4 33. fxg6 hxg6 34. Bxc4 Rf8 35. e5 Qh2 36. Rdf4 Bd7 37. Qc5 Bf5 38. Rxf5 gxf5 39. Qxe7 g6 40. e6 Qd6 41. Qf6 Qh2 42. e7 1-0

[Event "Tartu U26 26th"]
[Site "Tartu"]
[Date "2010.??.??"]
[Round "7"]
[White "Haitin, Ilja"]
[Black "Jarvinen, Rauno"]
[Result "0-1"]
[WhiteElo "2225"]
[BlackElo "2119"]
[PlyCount "140"]
[EventDate "2010.05.21"]
[EventType "swiss (rapid)"]
[EventRounds "9"]
[EventCountry "EST"]
[SourceTitle "EXT 2011"]
[Source "ChessBase"]
[SourceDate "2010.11.26"]
[SourceVersion "1"]
[SourceVersionDate "2010.11.26"]
[SourceQuality "1"]

1. d4 Nf6 2. c4 e5 3. dxe5 Ng4 4. Bf4 Nc6 5. Nf3 Bb4+ 6. Nbd2 Qe7 7. e3 Ngxe5 8. Nxe5 Nxe5 9. Be2 0-0 10. 0-0 a5 11. Nb3 a4 12. a3 Bd6 13. Nd4 Bc5 14. Nb5 d6 15. Nc3 Bd7 16. Nd5 Qd8 17. Bg3 Re8 18. f4 Nc6 19. f5 Bxe3+ 20. Kh1 f6 21. Bh5 Bc5 22. Bxe8 Bxe8 23. Qg4 Bf7 24. Rae1 Ne5 25. Bxe5 dxe5 26. Rf3 Bxd5 27. cxd5 Qxd5 28. Rg3 Qf7 29. Re4 Bd4 30. Qe2 Qa2 31. Rf3 Rd8 32. h3 b5 33. Rg4 Qxb2 34. Qxb2 Bxb2 35. Rb4 Rd1+ 36. Kh2 e4 37. Re3 Be5+ 38. g3 Rd2+ 39. Kh1 c6 40. Rbxe4 Kf7 41. Re2 Rd3 42. R4e3 Rd6 43. Rc2 Ke7 44. Kg2 g6 45. h4 Kd7 46. Kf3 Rd4 47. Ke2 Rg4 48. Rd2+ Kc7 49. Rdd3 c5 50. Rd5 Kc6 51. Rd8 Rxg3 52. Rc8+ Kd5 53. Rd8+ Kc4 54. Rxg3 Bxg3 55. Rg8 Bxh4 56. Rxg6 Bg5 57. Rg8 Bc1 58. Rg4+ Kd5 59. Rg3 Bb2 60. Rd3+ Kc4 61. Rf3 Bd4 62. Kd2 b4 63. Kc2 b3+ 64. Kb1 Be5 65. Rf1 Kd3 66. Rd1+ Ke2 67. Rd5 c4 68. Rc5 c3 69. Rc4 Kd3 70. Rc7 c2+ 0-1